Statistics for Most recent NFL award winner to pass away

Click here to take the quiz!

General Stats

  • This quiz has been taken 7 times
  • The average score is 4 of 13

Answer Stats

Award/AccoladeSeasonPlayer% Correct
MVP2003Steve McNair
86%
DPOY1998Reggie White
57%
OPOY1977Walter Payton
57%
Rushing Yards Leader1977Walter Payton
57%
DROY1989Derrick Thomas
29%
Sack Leader1996Kevin Greene
29%
Interception Leader1995Orlando Thomas
29%
Super Bowl MVP1977Harvey Martin
14%
COY2004Marty Schottenheimer
14%
Passing Yards Leader1964Babe Parilli
0%
CPOY1966Dick Bass
0%
OROY1988John Stephens
0%
Receiving Yards Leader1975Ken Burrough
0%

Score Distribution

Percentile by Number Answered

Percent of People with Each Score

Your Score History

You have not taken this quiz